Keira Knightley's characters - Statistics

General Stats
  • This quiz has been taken 4 times
  • The average score is 7 of 30
Answer Stats
Hint Extra Hint Answer % Correct
Anna Karenina 2012 Anna Karenina
100%
Pride & Prejudice 2005 Elizabeth Bennett
100%
Pirates of the Caribbean: The Curse of the Black Pearl 2003 Elizabeth Swann
75%
King Arthur 2004 Guinevere
75%
Star Wars: Episode I - The Phantom Menace 1999 Sabé
75%
Atonement 2007 Cecilia Tallis
50%
The Nutcracker and the Four Realms 2018 Sugar Plum Fairy
50%
Collateral Beauty 2016 Aimee Moore/"Love"
25%
Colette 2018 Gabrielle Sidonie Colette
25%
Last Night 2010 Joanna Reed
25%
Bend it like Beckham 2002 Jules Paxton
25%
Love Actually 2003 Juliet
25%
The Woman in Cabin 10 2025 Laura "Lo" Blacklock
25%
Never Let Me Go 2010 Ruth
25%
The Edge of Love 2008 Vera Phillips
25%
Jack Ryan: Shadow Recruit 2014 Cathy Muller
0%
London Boulevard 2010 Charlotte
0%
The Hole 2001 Frankie Almond Smith
0%
The Duchess 2008 Georgiana Cavendish
0%
Begin Again 2013 Gretta
0%
Silk 2007 Hélène Fouquet
0%
The Jacket 2005 Jackie Price
0%
Berlin, I Love You 2019 Jane
0%
The Imitation Game 2014 Joan Clarke
0%
Boston Strangler 2023 Loretta McLaughlin
0%
Laggies 2014 Megan
0%
Silent Night 2021 Nell
0%
Seeking a Friend for the End of the World 2012 Penelope "Penny" Lockhart
0%
The Aftermath 2019 Rachael Morgan
0%
A Dangerous Method 2011 Sabina Spielrein
0%
No matching quizzes found
Score Distribution
Percent of People with Each Score
Percentile by Number Answered
Your Score History
You have not taken this quiz